000
00295nam a22001337a 4500
008
171215b xxu||||| |||| 00| 0 eng d
020
_a
9781256932482
041
_a
eng
080
_a
512.9
100
_a
36
101
_a
MAT
245
_a
THINKING MATHEMATICALLY
_c
Blitzer, R
942
_2
udc
_c
BK
999
_c
38971
_d
38971